[Event "Mar del Plata 1st Cat RAM"]
[Site "Mar del Plata"]
[Date "2019.11.25"]
[Round "11"]
[White "Farace, Daniel Guillermo"]
[Black "Loiterstein, Mariano"]
[Result "0-1"]
[WhiteElo "1813"]
[BlackElo "2009"]
[PlyCount "82"]
[EventDate "2019.11.05"]
[EventType "tourn"]
[EventRounds "13"]
[EventCountry "ARG"]
[SourceTitle "EXT 2021"]
[Source "ChessBase"]
[SourceDate "2020.10.23"]
[SourceVersion "1"]
[SourceVersionDate "2020.10.23"]
[SourceQuality "1"]

1. d4 c5 2. d5 e5 3. e4 d6 4. Bd3 Be7 5. Nd2 Nf6 6. a4 0-0 7. Ne2 Nbd7 8. Nc4 Nb6 9. Ng3 Nxc4 10. Bxc4 g6 11. Bh6 Re8 12. f3 a6 13. Qd2 Kh8 14. h4 Ng8 15. Bg5 f6 16. Be3 Bd7 17. a5 b5 18. axb6 Qxb6 19. f4 Qxb2 20. Kf2 Qb4 21. Qe2 Nh6 22. f5 Ng4+ 23. Qxg4 Qxc4 24. Qe2 Qxe2+ 25. Kxe2 Reb8 26. fxg6 hxg6 27. h5 Bg4+ 28. Kd2 gxh5 29. Nxh5 Bxh5 30. Rxh5+ Kg7 31. Rf5 a5 32. g4 Rh8 33. g5 Kf7 34. gxf6 Bf8 35. Rf3 Rh4 36. Kd3 a4 37. c4 Rh2 38. Ra3 Rb8 39. Bd2 Rb1 40. Bc3 Rd1+ 41. Ke3 Bh6+ 0-1

[Event "Mar del Plata 1st Cat RAM"]
[Site "Mar del Plata"]
[Date "2019.11.08"]
[Round "3"]
[White "Loiterstein, Mariano"]
[Black "Monte, Luciano"]
[Result "1/2-1/2"]
[WhiteElo "2009"]
[BlackElo "1733"]
[PlyCount "37"]
[EventDate "2019.11.05"]
[EventType "tourn"]
[EventRounds "13"]
[EventCountry "ARG"]
[SourceTitle "EXT 2021"]
[Source "ChessBase"]
[SourceDate "2020.10.23"]
[SourceVersion "1"]
[SourceVersionDate "2020.10.23"]
[SourceQuality "1"]

1. d4 Nf6 2. Nf3 g6 3. c4 Bg7 4. Nc3 0-0 5. e4 d6 6. Be2 e5 7. dxe5 dxe5 8. Qxd8 Rxd8 9. Bg5 Re8 10. Nd5 Nxd5 11. cxd5 h6 12. Be3 c6 13. Bc4 Bd7 14. 0-0 cxd5 15. Bxd5 Bc6 16. Rfd1 Bxd5 17. Rxd5 Nc6 18. Rad1 Nd4 19. Nxd4 1/2-1/2

[Event "Judewicz Memorial U2200 sf 6th"]
[Site "Mar del Plata"]
[Date "2019.09.20"]
[Round "1.9"]
[White "Beron, Ricardo"]
[Black "Loiterstein, Mariano"]
[Result "0-1"]
[WhiteElo "1584"]
[BlackElo "1990"]
[PlyCount "78"]
[EventDate "2019.09.20"]
[EventType "swiss"]
[EventRounds "7"]
[EventCountry "ARG"]
[SourceTitle "EXT 2024"]
[Source "ChessBase"]
[SourceDate "2023.10.10"]
[SourceVersion "1"]
[SourceVersionDate "2023.10.10"]
[SourceQuality "1"]

1. c4 Nf6 2. Nc3 e5 3. Nf3 Nc6 4. d3 d5 5. cxd5 Nxd5 6. e4 Nf6 7. h3 Bc5 8. Be3 Bxe3 9. fxe3 0-0 10. Qd2 Re8 11. Qf2 b6 12. Be2 Bb7 13. 0-0 Qd7 14. Rad1 Rad8 15. Qg3 Qd6 16. Nb5 Qc5 17. d4 Nxe4 18. Qh4 exd4 19. Qf4 Nf6 20. Nfxd4 Nxd4 21. Nxd4 Qe5 22. Qxe5 Rxe5 23. Kf2 Rde8 24. Nc2 Ne4+ 25. Kg1 Ng3 26. Rf2 c5 27. Rd7 R5e7 28. Rxe7 Rxe7 29. Kh2 Nxe2 30. Rxe2 Be4 31. Ne1 Rd7 32. Kg3 g5 33. Nf3 f6 34. Nd2 Bd3 35. Rf2 Kf7 36. Kf3 Ke6 37. Ne4 Ke5 38. Nc3 Ba6 39. Ne4 Bb7 0-1

[Event "Pinamar U2200 1st"]
[Site "Pinamar"]
[Date "2019.05.04"]
[Round "3.3"]
[White "Loiterstein, Mariano"]
[Black "Restuccia, Francisco"]
[Result "1/2-1/2"]
[WhiteElo "2011"]
[BlackElo "2094"]
[PlyCount "43"]
[EventDate "2019.05.03"]
[EventType "swiss"]
[EventRounds "6"]
[EventCountry "ARG"]
[SourceTitle "EXT 2024"]
[Source "ChessBase"]
[SourceDate "2023.10.10"]
[SourceVersion "1"]
[SourceVersionDate "2023.10.10"]
[SourceQuality "1"]

1. d4 Nf6 2. c4 g6 3. Nc3 Bg7 4. e4 d6 5. Be2 0-0 6. Nf3 Nc6 7. e5 dxe5 8. dxe5 Qxd1+ 9. Bxd1 Ng4 10. Bf4 Nb4 11. Ke2 Bf5 12. h3 Bd3+ 13. Kd2 Nxf2 14. a3 Nxh1 15. axb4 Bxc4 16. Be2 Rfd8+ 17. Ke3 Bxe2 18. Kxe2 e6 19. Rxh1 h6 20. h4 Kh7 21. Be3 a5 22. b5 1/2-1/2

[Event "Coronel Pringles U2200 3rd"]
[Site "Coronel Pringles"]
[Date "2018.09.08"]
[Round "3.5"]
[White "Polizzi, Christian"]
[Black "Loiterstein, Mariano"]
[Result "0-1"]
[WhiteElo "1799"]
[BlackElo "2066"]
[PlyCount "72"]
[EventDate "2018.09.07"]
[EventType "swiss"]
[EventRounds "7"]
[EventCountry "ARG"]
[SourceTitle "EXT 2024"]
[Source "ChessBase"]
[SourceDate "2023.10.10"]
[SourceVersion "1"]
[SourceVersionDate "2023.10.10"]
[SourceQuality "1"]

1. Nf3 c5 2. c4 Nf6 3. Nc3 b6 4. d3 Bb7 5. e4 d6 6. g3 e6 7. Bg2 Be7 8. 0-0 0-0 9. b3 a6 10. a4 Nc6 11. Bb2 Qc7 12. Qe2 Nd7 13. Rad1 Nde5 14. Nd2 Nd4 15. Qe3 Bf6 16. f4 Ng4 17. Qe1 Nc2 18. Qe2 Nge3 19. Nf3 Nxd1 20. Rxd1 Nd4 21. Nxd4 Bxd4+ 22. Kh1 Bc6 23. Rf1 Rab8 24. Nd1 Bxb2 25. Qxb2 b5 26. axb5 axb5 27. Ne3 bxc4 28. Nxc4 Bb5 29. f5 exf5 30. exf5 f6 31. Bd5+ Kh8 32. Qg2 Bd7 33. Nd2 Rfe8 34. Ne4 Re5 35. Nc3 Qa5 36. Qc2 Rxd5 0-1

[Event "Pinamar U2200"]
[Site "Pinamar"]
[Date "2018.08.25"]
[Round "3"]
[White "Loiterstein, Mariano"]
[Black "Postolski, Javier"]
[Result "0-1"]
[WhiteElo "2096"]
[BlackElo "2022"]
[PlyCount "64"]
[EventDate "2018.08.24"]
[EventType "swiss"]
[EventRounds "6"]
[EventCountry "ARG"]
[SourceTitle "EXT 2024"]
[Source "ChessBase"]
[SourceDate "2023.10.10"]
[SourceVersion "1"]
[SourceVersionDate "2023.10.10"]
[SourceQuality "1"]

1. c4 d6 2. d4 f5 3. Nf3 g6 4. Nc3 Nf6 5. g3 Bg7 6. Bg2 0-0 7. 0-0 Nc6 8. d5 Ne5 9. Nxe5 dxe5 10. b3 a6 11. Ba3 g5 12. Qd2 h6 13. c5 e4 14. Rac1 Qe8 15. f3 e6 16. dxe6 Qxe6 17. fxe4 fxe4 18. c6 Re8 19. cxb7 Bxb7 20. Na4 e3 21. Qc2 Bxg2 22. Kxg2 Rad8 23. Bb4 Nd5 24. Be1 Rf8 25. Ba5 Rf2+ 26. Rxf2 exf2 27. Kxf2 Rf8+ 28. Ke1 Rf1+ 29. Kxf1 Ne3+ 30. Ke1 Nxc2+ 31. Rxc2 Qf5 32. Rc5 Qb1+ 0-1

[Event "Mar del Plata U2200 Libreria Mariano"]
[Site "Mar del Plata"]
[Date "2018.04.13"]
[Round "2.2"]
[White "Loiterstein, Mariano"]
[Black "Renkine, Ivan"]
[Result "1/2-1/2"]
[WhiteElo "2092"]
[BlackElo "1746"]
[PlyCount "29"]
[EventDate "2018.04.13"]
[EventType "swiss"]
[EventRounds "7"]
[EventCountry "ARG"]
[SourceTitle "EXT 2024"]
[Source "ChessBase"]
[SourceDate "2023.10.10"]
[SourceVersion "1"]
[SourceVersionDate "2023.10.10"]
[SourceQuality "1"]

1. Nf3 b6 2. c4 Bb7 3. Nc3 f5 4. d4 Nf6 5. g3 e6 6. Bg2 Bb4 7. Bd2 0-0 8. 0-0 Qe8 9. Nb5 Bxd2 10. Qxd2 Na6 11. Rac1 Ne4 12. Qf4 Qd8 13. d5 exd5 14. cxd5 Bxd5 15. Nxc7 1/2-1/2

[Event "Mar del Plata"]
[Site "Mar del Plata"]
[Date "2017.10.30"]
[Round "7"]
[White "Loiterstein, Mariano"]
[Black "Cuello Alcaria, Juan Ignacio"]
[Result "1-0"]
[WhiteElo "2153"]
[BlackElo "1894"]
[PlyCount "89"]
[EventDate "2017.10.16"]
[EventType "tourn"]
[EventRounds "11"]
[EventCountry "ARG"]
[SourceTitle "CBM 181 Extra"]
[Source "ChessBase"]
[SourceDate "2017.12.12"]
[SourceVersion "1"]
[SourceVersionDate "2017.12.12"]
[SourceQuality "1"]

1. d4 d5 2. Nf3 Nf6 3. c4 e6 4. g3 Be7 5. Bg2 0-0 6. 0-0 c6 7. Qc2 Nbd7 8. Nbd2 Rb8 9. Rd1 b6 10. e4 dxe4 11. Ne5 Qc7 12. Nxe4 Nxe5 13. dxe5 Nd7 14. f4 f6 15. exf6 Nxf6 16. Bd2 c5 17. Bc3 Nd7 18. Bh3 Qc6 19. Bg2 Qc7 20. Re1 Bb7 21. Re2 Rbe8 22. Rae1 Bc8 23. Qd3 h6 24. Bh3 Nf6 25. Nd2 Rf7 26. Qg6 Bd8 27. Bxe6 Bxe6 28. Rxe6 Rxe6 29. Rxe6 Qd7 30. Re3 a6 31. Rd3 Qe8 32. Be5 b5 33. b3 Nd7 34. Qc6 Qe7 35. Nf3 Ba5 36. cxb5 axb5 37. Qa8+ Qd8 38. Qd5 Bb6 39. Kg2 Qc8 40. Qe6 Ba5 41. Rd6 Qb7 42. Rc6 Nxe5 43. Nxe5 Bb4 44. Kh3 Bc3 45. Rc8+ 1-0

[Event "Judewicz Memorial U2200"]
[Site "Mar del Plata"]
[Date "2016.09.17"]
[Round "5.3"]
[White "Loiterstein, Mariano"]
[Black "Postolski, Javier"]
[Result "1-0"]
[WhiteElo "2171"]
[BlackElo "1991"]
[PlyCount "53"]
[EventDate "2016.09.16"]
[EventType "swiss"]
[EventRounds "7"]
[EventCountry "ARG"]
[SourceTitle "EXT 2024"]
[Source "ChessBase"]
[SourceDate "2023.10.10"]
[SourceVersion "1"]
[SourceVersionDate "2023.10.10"]
[SourceQuality "1"]

1. d4 Nf6 2. Nf3 c5 3. e3 e6 4. Bd3 b6 5. Nbd2 Bb7 6. b3 cxd4 7. exd4 Nc6 8. a3 Be7 9. 0-0 0-0 10. c4 d5 11. Bb2 Qc7 12. Qe2 Rad8 13. Rac1 Qf4 14. c5 bxc5 15. dxc5 Ng4 16. b4 Bf6 17. Bxf6 gxf6 18. g3 Qh6 19. Nh4 Kh8 20. f4 Rg8 21. Ndf3 e5 22. Nf5 Qh5 23. fxe5 fxe5 24. N3h4 Rge8 25. Bb5 d4 26. Qe4 Rg8 27. Be2 1-0

[Event "Judewicz Memorial U2200"]
[Site "Mar del Plata"]
[Date "2016.09.16"]
[Round "1.1"]
[White "Loiterstein, Mariano"]
[Black "Gonzalez, Enrique"]
[Result "1-0"]
[WhiteElo "2171"]
[BlackElo "1748"]
[PlyCount "65"]
[EventDate "2016.09.16"]
[EventType "swiss"]
[EventRounds "7"]
[EventCountry "ARG"]
[SourceTitle "EXT 2024"]
[Source "ChessBase"]
[SourceDate "2023.10.10"]
[SourceVersion "1"]
[SourceVersionDate "2023.10.10"]
[SourceQuality "1"]

1. d4 Nf6 2. Bg5 Ne4 3. Bf4 g6 4. f3 Nf6 5. e4 Bg7 6. c4 d6 7. Nc3 0-0 8. Qd2 Nbd7 9. Bg5 c5 10. d5 a6 11. Nh3 Ne8 12. Be2 Nc7 13. 0-0 Re8 14. a4 Rb8 15. f4 Nf8 16. f5 Bd7 17. Bh6 Bd4+ 18. Kh1 b5 19. Ng5 f6 20. Ne6 Nfxe6 21. fxe6 Bc8 22. cxb5 Bxc3 23. bxc3 axb5 24. axb5 Nxb5 25. Rfb1 Qc7 26. Bxb5 Rd8 27. c4 Rb6 28. h4 Bb7 29. h5 g5 30. Rf1 Ra8 31. Rxa8+ Bxa8 32. Bxg5 fxg5 33. Qxg5+ 1-0

[Event "Judewicz Memorial U2200 op"]
[Site "Mar del Plata"]
[Date "2014.10.08"]
[Round "6.4"]
[White "Loiterstein, Mariano"]
[Black "Secul, Juan"]
[Result "1-0"]
[WhiteElo "2163"]
[BlackElo "1793"]
[PlyCount "35"]
[EventDate "2014.09.26"]
[EventType "swiss"]
[EventRounds "7"]
[EventCountry "ARG"]
[SourceTitle "EXT 2024"]
[Source "ChessBase"]
[SourceDate "2023.10.10"]
[SourceVersion "1"]
[SourceVersionDate "2023.10.10"]
[SourceQuality "1"]

1. d4 d5 2. c4 e6 3. Nf3 Nf6 4. e3 c6 5. Bd3 dxc4 6. Bxc4 b5 7. Bd3 a6 8. 0-0 Be7 9. e4 c5 10. dxc5 Bxc5 11. Bg5 Be7 12. Qe2 Bb7 13. Nc3 b4 14. Na4 Qa5 15. b3 Nbd7 16. Rfe1 0-0 17. e5 Nd5 18. Qe4 1-0